[Event "DLM"]
[Site "Binz"]
[Date "1995.??.??"]
[Round "6"]
[White "Wilde, Dennis"]
[Black "Richter, Sergio"]
[Result "0-1"]
[WhiteElo "2120"]
[BlackElo "2185"]

1.e4 c5 2.Nc3 Nc6 3.Nf3 Nf6 4.d4 cxd4 5.Nxd4 e5 6.Ndb5 d6 7.Bg5 a6 8.Bxf6 gxf6
9.Na3 b5 10.Nd5 Bg7 11.c3 f5 12.exf5 Bxf5 13.Nc2 Be6 14.a4 O-O 15.axb5 axb5
16.Rxa8 Qxa8 17.Bxb5 Nd4 18.Ne7+ Kh8 19.cxd4 Qxg2 20.Bc6 e4 21.Rf1 Qg5 22.Bxe4 Qxe7
23.Qe2 Re8 24.Bc6 Bc4 25.Qxe7 Rxe7+ 26.Ne3 f5 27.b3 Ba6 28.Kd2 Bxf1 29.Nxf1 Bxd4
30.f3 Kg7 31.Kd3 Bg1 32.h3 Re5 33.Nd2 d5 34.b4 Kf6 35.b5 Ke6 36.h4 f4 37.Kc3 Kd6
38.Kb4 Bc5+ 39.Kc3 Re3+  0-1

[Event "Bled op"]
[Site "Bled"]
[Date "1995.??.??"]
[Round "1"]
[White "Waller, Helmut"]
[Black "Jelen, Igor"]
[Result "0-1"]
[WhiteElo "2210"]
[BlackElo "2360"]

1.e4 c5 2.Nc3 Nc6 3.Nge2 Nf6 4.g3 d5 5.exd5 Nd4 6.Bg2 Bg4 7.O-O Nxd5 8.f3 Bf5
9.Nxd4 cxd4 10.Nxd5 Qxd5 11.d3 g6 12.g4 Be6 13.f4 Qd7 14.f5 gxf5 15.gxf5 Bxf5
16.Qf3 e6 17.Qxb7 Qxb7 18.Bxb7 Rg8+ 19.Kf2 Rb8 20.Bc6+ Ke7 21.b4 Kf6 22.b5 Bd6
23.Bb2 Rg4 24.Rg1 Rh4 25.Rg2 Bh3 26.Rg3 Bf5 27.Rg2 Bh3 28.Rg3 Ke7 29.Re1 Bf5
30.Rg2 Bb4 31.Re2 Rf4+ 32.Kg1 Bh3 33.Ref2 Bxg2 34.Rxf4 Bxc6 35.bxc6 Bd6 36.Bc1 Bxf4
37.Bxf4  0-1

[Event "Bled op"]
[Site "Bled"]
[Date "1995.??.??"]
[Round "7"]
[White "Mali, Slavko"]
[Black "Stojnic, Miodrag"]
[Result "1-0"]
[WhiteElo "2225"]
[BlackElo "2150"]

1.e4 c5 2.Nf3 Nc6 3.Nc3 Nf6 4.Bb5 g6 5.e5 Ng8 6.O-O Bg7 7.Re1 Nh6 8.d3 Nf5
9.Ne4 Ncd4 10.Bc4 O-O 11.Nxc5 Qc7 12.Nxd4 Nxd4 13.Ne4 Bxe5 14.g3 e6 15.c3 Nf5
16.d4 Bxd4 17.cxd4 Qxc4 18.d5 Qd4 19.Qb3 exd5 20.Qxd5 Qxd5 21.Nf6+ Kg7 22.Nxd5 b6
23.Bd2 Bb7 24.Bc3+ f6 25.Rad1 Rad8 26.f4 h5 27.Kf2 Rf7 28.h3 Bxd5 29.Rxd5 Ne7
30.Rd6 Nc8 31.Rd2 Kf8 32.g4 hxg4 33.hxg4 Kg8 34.Kf3 a5 35.Rh1 d5 36.Bd4 Rd6
37.g5 Kf8 38.Rh8+ Ke7 39.Rxc8 fxg5 40.Rc7+ Rd7 41.Rxd7+ Kxd7 42.Be5 Ke6 43.Kg4 gxf4
44.Bxf4 b5 45.Rc2 d4 46.Rc5 d3 47.Re5+ Kf6 48.Rd5 Kg7 49.Rxd3 Re7 50.Rd5 Rb7
51.Kg5 a4 52.Rd6 b4 53.Rxg6+ Kf7 54.Rh6 Rb5+ 55.Kg4 Rc5 56.Rb6 Rc4 57.Kf5 a3
58.b3 Rc2 59.Rxb4 Rxa2 60.Ra4 Ke7 61.Ra7+ Kd8 62.Bd6 Rb2 63.Ke6 Kc8 64.Rxa3 Rxb3
65.Rxb3  1-0

[Event "RUS-chT"]
[Site "Briansk"]
[Date "1995.??.??"]
[Round "1"]
[White "Vershinin, Mikhail"]
[Black "Yurkov, Vladimir"]
[Result "1-0"]
[WhiteElo "2250"]
[BlackElo "2260"]

1.e4 c5 2.Nc3 Nc6 3.Nge2 e6 4.g3 d5 5.exd5 exd5 6.Bg2 Nf6 7.d4 cxd4 8.Nxd4 Bb4
9.O-O Bxc3 10.bxc3 O-O 11.Bg5 h6 12.Bxf6 Qxf6 13.Bxd5 Nxd4 14.Qxd4 Qxd4 15.cxd4 Rd8
16.c4 Be6 17.Bxb7 Rab8 18.d5 Rxb7 19.dxe6 fxe6 20.Rab1 Rc7 21.Rfc1 Rd2 22.a3 e5
23.c5 Rf7 24.f4 exf4 25.c6 f3 26.c7 f2+ 27.Kf1  1-0

[Event "RUS-chT"]
[Site "Briansk"]
[Date "1995.??.??"]
[Round "2"]
[White "Arkhangelsky, Mikhail"]
[Black "Kopjonkin, Gennady"]
[Result "1/2-1/2"]
[WhiteElo "2250"]
[BlackElo "2425"]

1.e4 c5 2.Nc3 Nc6 3.Nf3 d6 4.g3 g6 5.Bg2 Bg7 6.O-O e6 7.d3 Nge7 8.Be3 Nd4
9.Qd2 Nxf3+ 10.Bxf3 Nc6 11.Bg2 O-O 12.Bh6 Bxh6 13.Qxh6 Nd4 14.Qd2 Rb8 15.a4 Qa5
16.Rfe1 f6 17.Qc1 Bd7 18.Nb5 Bxb5 19.axb5 Qb6 20.Ra2 Nxb5 21.c3 a6 22.Qd1 Nc7
23.h4 Ne8 24.h5 Ng7 25.hxg6 hxg6 26.Qa4 Qc7 27.d4 cxd4 28.Qxd4 Kf7 29.Rd1 Rfd8
30.Raa1 Rbc8 31.Rd3 Qc5 32.Qa4 Qb6 33.Qa2 Ke7 34.Rad1 Rc5 35.Rd4 Rc7 36.Qb1 Qc5
37.Qa2 Rdd7 38.Bf1 Qa7 39.Qb1 Qc5 40.Qc1 Qg5 41.Qa1 Qe5 42.Qc1 Qg5 43.Qa1 Rc5
44.b4 Rc8 45.c4 e5 46.Rd5 Rcd8 47.Qa5 Ne6 48.c5 dxc5 49.bxc5 Qg4 50.Rxd7+ Rxd7
51.Rxd7+ Kxd7 52.Qb6 Nd8 53.Qd6+ Ke8 54.Qxf6 Qxe4 55.Bg2 Qb4 56.Kh2 Qxc5
57.Qg7 a5  1/2-1/2

[Event "RUS-chT"]
[Site "Briansk"]
[Date "1995.??.??"]
[Round "7"]
[White "Eismont, Oleg"]
[Black "Tregubov, Pavel V"]
[Result "1-0"]
[WhiteElo "2435"]
[BlackElo "2515"]

1.e4 c5 2.Nc3 Nc6 3.Nf3 e6 4.Bb5 Nge7 5.O-O a6 6.Bxc6 Nxc6 7.d4 cxd4 8.Nxd4 Qc7
9.Re1 Bb4 10.Nxc6 Bxc3 11.bxc3 dxc6 12.e5 O-O 13.Qg4 Kh8 14.Bf4 Qe7 15.Re3 f5
16.Qh5 Qe8 17.Qh4 Rf7 18.Rh3 Qg8 19.Rd1 Bd7 20.Rhd3 Qe8 21.Rh3 Qg8 22.Rhd3 Qe8
23.Qh5 Re7 24.Qe2 b5 25.Qe3 Qc8 26.Qc5 Rf7 27.Bg5 h6 28.Be7  1-0

[Event "Ciocaltea mem"]
[Site "Bucharest"]
[Date "1995.??.??"]
[Round "1"]
[White "Moldovan, Daniel"]
[Black "Marin, Mihail"]
[Result "0-1"]
[WhiteElo "2420"]
[BlackElo "2540"]

1.e4 c5 2.Nc3 Nc6 3.Nge2 g6 4.g3 Bg7 5.Bg2 d6 6.d3 Rb8 7.O-O b5 8.Nd5 e6
9.Ne3 Nge7 10.c3 b4 11.c4 O-O 12.Nc2 Qb6 13.Rb1 Bd7 14.Be3 Nd4 15.Ncxd4 cxd4
16.Bg5 Nc6 17.Qd2 Ne5 18.Rbd1 f5 19.Nxd4 Qxd4 20.Be3 Qxb2 21.Qxb2 Nf3+ 22.Bxf3 Bxb2
23.Rb1 Bc3 24.exf5 Rxf5 25.Bxa7 Rc8 26.Bd1 Ra5 27.Be3 Rxa2 28.Bb3 Ra3 29.Bc1 Ra5
30.Bb2 d5 31.Bxc3 bxc3 32.cxd5 exd5 33.Ra1 Rb5 34.Ba4 Rb7 35.Bxd7 Rxd7 36.d4 Rc4
37.Rac1 c2 38.f3 Rb7 39.Kg2 Rb3 40.Rf2 Rbc3 41.Re2 Kf7 42.Kf2 Kf6 43.Kg2 g5
44.Kf2 h6 45.Kg2 h5 46.Kf2 Kg6 47.Re6+ Kf7 48.Re2 Kf6 49.Kg2 Kg6 50.Re6+ Kf7
51.Re2 Kf6 52.Kf2 Kg6 53.Re6+ Kf7 54.Re2 Kf6 55.Kg2 h4 56.Rce1 Rc7 57.Rc1 R7c4
58.Rce1 Rc7 59.Rc1 R7c6 60.Kf2 hxg3+ 61.hxg3 g4 62.fxg4 Kg5 63.Re5+ Kxg4
64.Rxd5 Rh6 65.Rc5 Rf3+ 66.Ke2 Rh2+ 67.Ke1 Rxg3  0-1

[Event "Bucharest"]
[Site "Bucharest"]
[Date "1995.??.??"]
[Round "5"]
[White "Popescu, Daniel Dorin"]
[Black "Babici, Roman"]
[Result "1/2-1/2"]
[WhiteElo "2420"]
[BlackElo "2280"]

1.e4 c5 2.Nf3 Nc6 3.Nc3 Nf6 4.Bb5 Nd4 5.e5 Nxb5 6.Nxb5 Nd5 7.Ng5 f6 8.Qf3 Nc7
9.exf6 exf6 10.Qe4+ Ne6 11.Nxh7 Qe7 12.Nxf8 d5 13.Ng6 dxe4 14.Nxe7 Kxe7 15.d3 Bd7
16.Nc3 exd3 17.cxd3 Bc6 18.O-O Rad8 19.Rd1 b6 20.Be3 Kf7 21.Rd2 Rd7 22.Rad1 Rhd8
23.f3 Bb7 24.Ne4 Ba6 25.Nf2 f5 26.f4 g5 27.Nh3 Bxd3 28.Nxg5+ Nxg5 29.fxg5 c4
30.Rf2 Kg6 31.h3 Re8 32.Bf4 Rde7 33.Kh2 b5 34.a3 Re4 35.Rg1 Re2 36.Rgf1 a6
37.Kg1 R8e4 38.Rxe2 Rxe2 39.Rf2 Re1+ 40.Kh2 Kh5 41.Kg3 Re6 42.Bd2 Kg6 43.Kh4 Re2
44.Kg3 Rxf2 45.Kxf2 a5 46.h4 b4 47.Bxb4 axb4 48.axb4 f4 49.g3 Kf5 50.gxf4 Kxf4
51.b5 c3 52.bxc3 Bxb5 53.g6 Bc4 54.h5 Kg5 55.Ke3 Kxh5 56.Kd4 Bg8 57.c4 Bxc4
58.Kxc4 Kxg6  1/2-1/2

[Event "Ciocaltea mem"]
[Site "Bucharest"]
[Date "1995.??.??"]
[Round "11"]
[White "Istratescu, Andrei"]
[Black "Rogozenko, Dorin"]
[Result "1/2-1/2"]
[WhiteElo "2505"]
[BlackElo "2440"]

1.e4 c5 2.Ne2 Nc6 3.Nbc3 e6 4.g3 d6 5.Bg2 Nf6 6.d4 cxd4 7.Nxd4 Bd7 8.O-O a6
9.Nxc6 Bxc6 10.g4 Be7 11.g5 Nd7 12.f4 h6 13.g6 Qb6+ 14.Kh1 fxg6 15.Qg4 Nf8
16.f5 gxf5 17.exf5 Bxg2+ 18.Qxg2 Qc6  1/2-1/2

[Event "Budapest FS07 IM-A"]
[Site "Budapest"]
[Date "1995.??.??"]
[Round "?"]
[White "Honfi, Karoly"]
[Black "Turzo, Attila"]
[Result "1/2-1/2"]
[WhiteElo "2390"]
[BlackElo "2310"]

1.e4 c5 2.Nc3 Nc6 3.Nge2 g6 4.d4 cxd4 5.Nxd4 Bg7 6.Nb3 Nf6 7.Be2 O-O 8.O-O d6
9.Bg5 Be6 10.f4 Rc8 11.Kh1 Na5 12.e5 Nxb3 13.axb3 dxe5 14.Qxd8 Rfxd8 15.fxe5 Nd5
16.Rxa7 Nxc3 17.bxc3 Rxc3 18.Rxb7 Rxc2  1/2-1/2

[Event "Spring op"]
[Site "Budapest"]
[Date "1995.??.??"]
[Round "?"]
[White "Mach, Holger"]
[Black "Dekic, Josip"]
[Result "1-0"]
[WhiteElo "2295"]
[BlackElo "2340"]

1.e4 c5 2.Nc3 Nc6 3.Nge2 g6 4.d4 cxd4 5.Nxd4 Bg7 6.Nde2 Rb8 7.a4 Nf6 8.g3 a6
9.Bg2 b5 10.axb5 axb5 11.O-O b4 12.Nd5 d6 13.h3 Nd7 14.Kh2 O-O 15.Ra2 Nc5
16.b3 Ba6 17.Bb2 Bxb2 18.Rxb2 Ra8 19.Re1 e5 20.Qd2 Bxe2 21.Qxe2 Ra5 22.Qd2 Na6
23.Rd1 Kg7 24.h4 h5 25.Bf1 Qb8 26.c3 bxc3 27.Qxc3 Nab4 28.Nxb4 Nxb4 29.Rbd2 Rc8
30.Bc4 Rc6 31.f4 Qb6 32.Rf1 f6 33.fxe5 Rxe5 34.Rdf2 d5 35.Rxf6 d4 36.Rf7+ Kh6
37.Qf3 g5 38.Rd7 Qb8 39.Rh7+ Kxh7 40.Qxh5+ Rh6 41.Rf7+ Kg8 42.Qxh6  1-0

[Event "Budapest FS07 IM-B"]
[Site "Budapest"]
[Date "1995.??.??"]
[Round "?"]
[White "Pirisi, Gabor"]
[Black "Breier, Andreas"]
[Result "1-0"]
[WhiteElo "2370"]
[BlackElo "2225"]

1.e4 c5 2.Nf3 Nc6 3.Nc3 d6 4.Be2 Nf6 5.O-O e5 6.h3 Be7 7.d3 O-O 8.Nd2 d5
9.exd5 Nxd5 10.Nxd5 Qxd5 11.Bf3 Qe6 12.Nc4 Nd4 13.Re1 Nxf3+ 14.Qxf3 f6 15.a4 Rb8
16.Qg3 Qf7 17.f4 Be6 18.fxe5 Bxc4 19.dxc4 fxe5 20.b3 Bf6 21.Re4 Rbd8 22.Bb2 Rd2
23.Bc3 Rd7 24.Rf1 Qg6 25.Qxg6 hxg6 26.Rg4 g5 27.Re4 Rfd8 28.Kh2 Re8 29.Kg3 Re6
30.Rfe1 Kf7 31.Kf3 Rde7 32.Rd1 Ke8 33.Rd5 b6 34.Kg4 g6 35.Bd2 Rf7 36.c3 Be7
37.Bxg5 Bxg5 38.Kxg5 Rf2 39.g4 Rf3 40.b4 Rxc3 41.bxc5 Rxh3 42.Rdxe5 Rxe5+
43.Rxe5+ Kf7 44.c6 Rh8 45.Rd5 Ke6 46.Kxg6 Rg8+ 47.Kh5 Rh8+ 48.Kg5 Rc8 49.Rf5 Kd6
50.Rf6+ Kc5 51.Kf5 Kxc4 52.g5 Kc5 53.g6 a6 54.g7 Rg8 55.c7  1-0

[Event "Budapest FS05 IM"]
[Site "Budapest"]
[Date "1995.??.??"]
[Round "1"]
[White "Ciric, Dragoljub M"]
[Black "Shurygin, Sergey"]
[Result "1/2-1/2"]
[WhiteElo "2370"]
[BlackElo "2295"]

1.e4 c5 2.Nf3 Nc6 3.Nc3 g6 4.d4 cxd4 5.Nxd4 Bg7 6.Be3 Nf6 7.Bc4 Qa5 8.O-O O-O
9.h3 d6 10.Bb3 Bd7 11.Qd3 Rac8 12.f4 Nxd4 13.Bxd4 Bc6 14.Rf2 Nd7 15.Bxg7 Kxg7
16.Qd4+ Kg8 17.Re1 Qc5 18.Qd2 b5 19.Re3 a5 20.a3 b4 21.axb4 Qxb4 22.f5 Nf6
23.fxg6 hxg6 24.e5 dxe5 25.Rg3 Kg7 26.Qg5 Qd4 27.Be6 Rc7 28.Rd3 Qc5 29.Bf5 e4
30.Rg3 Rh8 31.Qf4 Qd6 32.Qe3 Kf8 33.Bg4 Kg7 34.Rd2 Qe5 35.Be2 Rd7 36.Rg5 Qc7
37.Rxd7 Bxd7 38.Nxe4 Qxc2 39.Nxf6 exf6 40.Rxa5 Qxb2 41.Bf1 Re8 42.Qf2 Qc3
43.Rc5 Qa1 44.Rd5 Bc6 45.Qd4 Qa8 46.Rd6 Re5 47.Qb6 Bd5 48.Rxf6 Qa1 49.Rf4 Re1
50.Qd4+ Qxd4+ 51.Rxd4 Bc6 52.Kf2 Rc1 53.Rd2 Kf6 54.g3 Ke5 55.Bg2 g5 56.Re2+ Kf5
57.Bxc6 Rxc6 58.Kf3 Rc3+ 59.Re3 Rc2 60.g4+ Kg6 61.Kg3 Rc4 62.Ra3 Rd4 63.h4  1/2-1/2

[Event "Schneider mem op"]
[Site "Budapest"]
[Date "1995.??.??"]
[Round "4"]
[White "Tornai, Imre"]
[Black "Varga, Peter"]
[Result "1/2-1/2"]
[WhiteElo "2250"]
[BlackElo "2440"]

1.e4 c5 2.Nf3 Nc6 3.Nc3 d6 4.d4 cxd4 5.Nxd4 Nf6 6.g3 Bg4 7.Qd3 Nxd4 8.Qxd4 Bf3
9.Rg1 a6 10.h3 e5 11.Qd3 Bh5 12.Bg5 Rc8 13.Nd5 Be7 14.Bxf6 Bxf6 15.h4 Bg4
16.Be2 Be6 17.O-O-O O-O 18.Kb1 Rc5 19.b4 Rc6 20.c4 a5 21.b5 Rc5 22.Ne3 Be7
23.Rc1 g6 24.Nd5 Bxd5 25.cxd5 Qb6 26.Qe3 Rfc8 27.Rxc5 Rxc5 28.a4 Bd8 29.Rc1 Rxc1+
30.Kxc1 Qc7+ 31.Kd1 Kg7 32.Qc1 Qd7 33.Qe3 Qh3 34.Kc2 Qh1 35.Bd1 Qf1 36.Qe2 Qg1
37.Qe3 Qh1 38.Kd2 f5 39.Bc2 f4 40.gxf4 exf4 41.Qxf4 Bxh4 42.Qxd6 Bg5+ 43.Ke2 Qh5+
44.Ke1 Qh1+ 45.Ke2 Qh5+ 46.Ke1 Qh1+ 47.Ke2 Qh5+  1/2-1/2

[Event "Budapest FS09 IM-A"]
[Site "Budapest"]
[Date "1995.??.??"]
[Round "5"]
[White "Cerneanu, Norbert"]
[Black "Stillger, Bernhard"]
[Result "1/2-1/2"]
[WhiteElo "2270"]
[BlackElo "2285"]

1.e4 c5 2.Nc3 Nc6 3.Nge2 g6 4.d4 cxd4 5.Nxd4 Bg7 6.Be3 Nf6 7.f3 O-O 8.Qd2 d5
9.exd5 Nxd5 10.Nxc6 bxc6 11.Bd4 Bxd4 12.Qxd4 Qa5 13.Bc4 Nxc3 14.Qxc3 Qxc3+
15.bxc3 Rd8 16.Ke2 Bf5 17.Bd3 Be6 18.Rhb1 Rab8 19.Ke3 Kg7 20.Rxb8 Rxb8 21.Kd4 Kf8  1/2-1/2

[Event "Budapest FS12 GM"]
[Site "Budapest"]
[Date "1995.??.??"]
[Round "9"]
[White "Certic, Branimir"]
[Black "Csom, Istvan"]
[Result "1/2-1/2"]
[WhiteElo "2450"]
[BlackElo "2455"]

1.e4 c5 2.Nc3 Nc6 3.Bb5 g6 4.Nge2 Bg7 5.Bxc6 dxc6 6.d3 b6 7.Bd2 e5 8.O-O Be6
9.f4 f6 10.b3 Qd7 11.Qe1 Ne7 12.fxe5 fxe5 13.Bg5 h6 14.Bf6 O-O 15.Bxg7 Kxg7
16.Qg3 Qd6 17.Kh1 Ng8 18.Ng1 Bd7 19.Rxf8 Rxf8 20.Nf3 Re8 21.Nd1 Nf6 22.Ne3 Nh5
23.Qh4 Be6 24.Nf5+ Bxf5 25.exf5 Nf4 26.fxg6 e4 27.dxe4 Rxe4 28.Re1 Qxg6 29.Qf2 Rxe1+
30.Nxe1 Qe4 31.Nf3 Nd5 32.h3 Qf4 33.Qe1 Kf6 34.c4 Ne7 35.Qc3+ Ke6 36.g3 Qe4
37.Qe1 Qxe1+ 38.Nxe1 Ke5 39.Kg2 b5 40.Nc2 Ke4 41.Kf2 bxc4 42.bxc4 Ng6 43.Ne3 Ne5
44.h4 h5 45.Ke2 Nf3 46.Ng2 Nd4+ 47.Kf2 Nf5 48.Nf4 Nxh4 49.Nxh5 Ng6 50.Ng7 Ne5
51.Ne6 Kd3 52.Nxc5+ Kxc4 53.Nb3 Kd3 54.Nc5+ Kc4 55.Nb3 Kd3 56.Nc5+ Kd4 57.Nb3+ Kd3
58.Nc5+ Kc4 59.Nb3 Kd3 60.Nc5+ Kd4 61.Nb3+ Kd3  1/2-1/2

[Event "Budapest FS03 GM"]
[Site "Budapest"]
[Date "1995.??.??"]
[Round "11"]
[White "Drozdov, Igor"]
[Black "Anka, Emil"]
[Result "1/2-1/2"]
[WhiteElo "2425"]
[BlackElo "2410"]

1.e4 c5 2.Nf3 Nc6 3.Nc3 d6 4.d4 cxd4 5.Nxd4 Nf6 6.Be2 g6 7.Nb3 Bg7 8.O-O O-O
9.Bg5 Be6 10.Kh1 a6 11.f4 Rc8 12.Bf3 Qc7 13.Nd5 Bxd5 14.exd5 Nb8 15.c3 Nbd7
16.Re1 Nb6 17.a4 Rfe8 18.a5 Nbd7 19.Nd4 Nf8 20.Bh4 Kh8 21.Bf2 e5 22.dxe6 fxe6
23.Nc2 e5 24.Bb6 Qb8 25.fxe5 dxe5  1/2-1/2

[Event "Budapest FS08 IM-A"]
[Site "Budapest"]
[Date "1995.??.??"]
[Round "13"]
[White "Huber, Gregory"]
[Black "Hedman, Erik"]
[Result "1/2-1/2"]
[WhiteElo "2265"]
[BlackElo "2320"]

1.e4 c5 2.Nc3 Nc6 3.Nge2 g6 4.d4 cxd4 5.Nxd4 Bg7 6.Nde2 Nf6 7.g3 O-O 8.Bg2 d6
9.O-O Bd7 10.Nd5 b5 11.Bg5 Nxd5 12.exd5 Ne5 13.Qc1 Rc8 14.c3 b4 15.a4 Re8
16.Be3 e6 17.Bxa7 exd5 18.Bd4 Bg4 19.f3 Nxf3+ 20.Bxf3 Bxf3 21.Rxf3 Rxe2 22.Bxg7 Kxg7
23.Qf4 Qe7 24.Qxb4 Qa7+ 25.Kh1 Rb8 26.Qxd6 Rbxb2 27.Qf6+  1/2-1/2

[Event "Budapest FS08 IM-A"]
[Site "Budapest"]
[Date "1995.??.??"]
[Round "13"]
[White "Rotman, Daniel"]
[Black "Todorov, Todor"]
[Result "1/2-1/2"]
[WhiteElo "2235"]
[BlackElo "2350"]

1.e4 c5 2.Nf3 Nc6 3.Nc3 Nf6 4.d4 cxd4 5.Nxd4 e5 6.Ndb5 d6 7.Bg5 a6 8.Na3 b5
9.Nd5 Be7 10.Bxf6 Bxf6 11.c3 O-O 12.Nc2 Rb8 13.h4 g6 14.g3 Bg7 15.h5 Ne7
16.Ncb4 Nxd5 17.Nxd5 Be6 18.hxg6 hxg6 19.Bh3 Qd7 20.Bxe6 fxe6 21.Ne3 Qf7
22.Rh2 Rbd8 23.Qe2 d5 24.O-O-O d4 25.cxd4 exd4 26.Ng4 e5 27.Kb1 Qc4 28.Rd3 Rc8
29.Rh1 Rf7 30.Qd2 Rfc7 31.Rd1 Qe6 32.Qe2 Rc2 33.Qf3 Qc4 34.Qh1 Rc1+ 35.Rxc1 Qxd3+
36.Ka1 Rxc1+ 37.Qxc1 Qxe4 38.Qd1 d3 39.Ne3 Bh6 40.Qb3+ Kg7 41.Nd1 Qe2 42.a3 Qc2
43.Ka2 Bd2 44.f3 Be1 45.Qe6 Qc4+ 46.Qxc4 bxc4 47.Ne3 Bxg3 48.Nxc4 Bf4 49.Kb3 e4
50.fxe4 Kf6 51.Kc3 d2 52.Nxd2 Ke5 53.b4 Bxd2+ 54.Kxd2 Kxe4 55.a4 Kd4 56.b5 axb5
57.axb5 Kc5 58.Ke3 Kxb5 59.Kf4  1/2-1/2

[Event "Budapest FS08 IM-A"]
[Site "Budapest"]
[Date "1995.??.??"]
[Round "13"]
[White "Boros, Daniel"]
[Black "Kiss, Gedeon"]
[Result "1-0"]
[WhiteElo "2325"]
[BlackElo "2120"]

1.e4 c5 2.Nc3 Nc6 3.Nge2 d6 4.d4 cxd4 5.Nxd4 Nf6 6.Bg5 e6 7.Qd2 Be7 8.O-O-O O-O
9.Nb3 a6 10.Bxf6 gxf6 11.Qh6 Kh8 12.Qh5 Qe8 13.f4 Rg8 14.g4 b5 15.Bd3 Rg7
16.h4 Bb7 17.Rdg1 b4 18.Ne2 a5 19.f5 a4 20.Nbd4 Nxd4 21.Nxd4 e5 22.Nf3 d5
23.g5 dxe4 24.gxf6 Rxg1+ 25.Rxg1 Bxf6 26.Ng5 Bxg5+ 27.Qxg5  1-0

[Event "Buenos Aires VII Najdorf op"]
[Site "Buenos Aires"]
[Date "1995.??.??"]
[Round "5"]
[White "Langier, Daniel"]
[Black "Alonso, Salvador"]
[Result "1/2-1/2"]
[WhiteElo "2395"]
[BlackElo "2290"]

1.e4 c5 2.Nf3 Nc6 3.Nc3 d6 4.Bc4 Nf6 5.d4 cxd4 6.Nxd4 Qb6 7.Nb3 e6 8.O-O Be7
9.a4 O-O 10.a5 Qc7 11.Bd3 d5 12.exd5 exd5 13.Qf3 Be6 14.Bf4 Qd7 15.h3 d4
16.Ne4 Bd5 17.Nbc5 Bxe4 18.Nxe4 Rac8 19.Rfd1 Nd5 20.Ng3 Nxf4 21.Qxf4 Qd6
22.Qe4 g6 23.Re1 a6 24.Qg4 Ne5 25.Nf5 Nxg4 26.Nxd6 Bxd6 27.hxg4 Rfe8 28.Re4 Rxe4
29.Bxe4 Rc7 30.Ra4 Bc5 31.Kf1 Kg7 32.Ke2 Kf6 33.Kd3 Kg5 34.Bf3 f5 35.gxf5 Kxf5
36.Rc4 b5 37.axb6 Bxb6 38.Rxc7 Bxc7 39.Kxd4 Be5+ 40.Kd5 Bxb2 41.c4 Kf6 42.Be4 a5
43.Bc2 Ke7 44.Kc6 Kd8 45.f3 Be5 46.Kd5 Bg3 47.Ke6 Bf4 48.Kf7 Kc7  1/2-1/2

[Event "Buenos Aires VII Najdorf op"]
[Site "Buenos Aires"]
[Date "1995.??.??"]
[Round "6"]
[White "Garbarino, Rodolfo"]
[Black "Fernandez, M."]
[Result "1-0"]
[WhiteElo "2425"]
[BlackElo "2315"]

1.e4 c5 2.Nf3 Nc6 3.Nc3 g6 4.d4 cxd4 5.Nxd4 Bg7 6.Be3 d6 7.Bc4 Nf6 8.f3 O-O
9.Qe2 Ne5 10.Bb3 Bd7 11.O-O-O Rc8 12.Nd5 Nxd5 13.exd5 Qa5 14.g4 b5 15.h4 Nc4
16.Bg1 Be5 17.Kb1 Rc5 18.f4 Bxf4 19.h5 Be5 20.hxg6 hxg6 21.Nc6 Rxc6 22.dxc6 Bxc6
23.Rh3 d5 24.Bxc4  1-0

[Event "Buenos Aires VII Najdorf op"]
[Site "Buenos Aires"]
[Date "1995.??.??"]
[Round "8"]
[White "Dolezal, Cristian"]
[Black "German, Gustavo"]
[Result "0-1"]
[WhiteElo "2355"]
[BlackElo "2425"]

1.e4 c5 2.Nf3 Nc6 3.Nc3 d6 4.d4 cxd4 5.Nxd4 Nf6 6.Be2 e5 7.Nf3 h6 8.h3 Be6
9.Be3 Be7 10.O-O d5 11.Nxd5 Nxd5 12.exd5 Qxd5 13.Qe1 O-O 14.c4 Qd7 15.Qc3 Qc7
16.c5 Bf6 17.Rfd1 Rad8 18.Qc2 Nb4 19.Qe4 Nd5 20.Bd2 Ne7 21.Bc3 Bd5 22.Qb4 Ng6
23.Qa5 b6 24.cxb6 axb6 25.Qb5 Nf4 26.Ne1 Bc6 27.Rxd8 Rxd8 28.Qa6 Ra8 29.Qc4 b5
30.Bxe5 bxc4 31.Bxc7 Nxe2+ 32.Kf1 Nd4 33.a4 Nb5 34.Rc1 Nxc7 35.Rxc4  0-1

[Event "Buenos Aires Clarin op"]
[Site "Buenos Aires"]
[Date "1995.??.??"]
[Round "8"]
[White "Rodriguez, A."]
[Black "Celis, Gustavo"]
[Result "1-0"]
[WhiteElo "2350"]
[BlackElo "2335"]

1.e4 c5 2.Nc3 Nc6 3.Nge2 d6 4.d4 cxd4 5.Nxd4 Nf6 6.g3 Bg4 7.f3 Nxd4 8.Qxd4 Bd7
9.Be3 e5 10.Qd2 Be7 11.O-O-O O-O 12.Kb1 Be6 13.g4 a6 14.g5 Nd7 15.h4 b5 16.h5 Nb6
17.g6 Rc8 18.gxh7+ Kh8 19.Rg1 Nc4 20.Bxc4 Rxc4 21.Bh6 Bf6 22.Rxg7 Rd4 23.Qg2 Rxd1+
24.Nxd1 d5 25.Ne3 dxe4 26.fxe4 b4 27.Nd5 Bxd5 28.exd5 e4 29.Rg8+ Rxg8 30.hxg8=Q+ Qxg8
31.Qxg8+ Kxg8 32.d6 Bd8 33.c4 bxc3 34.bxc3 f5 35.c4 Kf7 36.c5 Ke6 37.Be3 Kd5
38.h6  1-0

[Event "Caceres"]
[Site "Caceres"]
[Date "1995.??.??"]
[Round "?"]
[White "Herraiz, Herminio"]
[Black "Garcia Gomez, PJ."]
[Result "1/2-1/2"]
[WhiteElo "2260"]
[BlackElo "2280"]

1.e4 c5 2.Nc3 Nc6 3.Nge2 Nf6 4.d4 cxd4 5.Nxd4 e5 6.Ndb5 d6 7.Bg5 a6 8.Na3 Be6
9.Nc4 Rc8 10.Bxf6 Qxf6 11.Nb6 Rb8 12.Ncd5 Qg6 13.Qd3 Be7 14.Nc7+ Kd8 15.Ncd5 f5
16.O-O-O fxe4 17.Qa3 Bxd5 18.Nxd5 Rf8 19.f3 Rc8 20.Nb6 Rc7 21.Nd5 Rc8  1/2-1/2

[Event "Cannes op"]
[Site "Cannes"]
[Date "1995.??.??"]
[Round "2"]
[White "Mitkov, Nikola"]
[Black "Osmanbegovic, Suad"]
[Result "1/2-1/2"]
[WhiteElo "2475"]
[BlackElo "2340"]

1.e4 c5 2.Nc3 Nc6 3.Nge2 g6 4.d4 cxd4 5.Nxd4 Bg7 6.Be3 Nf6 7.Bc4 O-O 8.Bb3 d6
9.h3 Na5 10.O-O b6 11.Re1 Bb7 12.Bg5 Nxb3 13.axb3 h6 14.Bh4 a6 15.Qd3 Re8
16.Rad1 Qc7 17.Nde2 Rac8 18.Rd2 b5 19.f3 b4 20.Na4 d5 21.exd5 Nxd5 22.Bf2 Nf4
23.Qe3 Nxe2+ 24.Qxe2 Bc6 25.Qxa6 Bxa4 26.Qxa4 Bxb2 27.Red1 Bc3 28.Rd5 Red8
29.Qb5 Rxd5 30.Qxd5 e6 31.Qd7 Qxd7 32.Rxd7 Be5 33.Rd2 Bc3 34.Re2 Rd8 35.Bg3 Rd1+
36.Kh2 h5 37.Be5 Bxe5+ 38.Rxe5 Kg7 39.Re2 Kf6 40.Kg3 Rd4 41.f4 h4+ 42.Kf3 Rd5
43.Kg4 Rd4 44.Kf3 Rd5 45.Re4 Rc5 46.Rxb4 Rxc2 47.Rb5 Rc3+ 48.Kf2 Rc2+ 49.Kf3 Rc3+
50.Kf2  1/2-1/2

[Event "Cannes op"]
[Site "Cannes"]
[Date "1995.??.??"]
[Round "4"]
[White "Mitkov, Nikola"]
[Black "Ikonnikov, Vyacheslav"]
[Result "1/2-1/2"]
[WhiteElo "2475"]
[BlackElo "2555"]

1.e4 c5 2.Nc3 Nc6 3.Nf3 e5 4.Bc4 d6 5.O-O Be7 6.d3 h6 7.Ne1 Nf6 8.f4 Bg4
9.Nf3 exf4 10.Bxf4 Nd4 11.Kh1 a6 12.a4 Nxf3 13.gxf3 Be6 14.Qe2 Qd7 15.Rad1 O-O
16.Rg1 Kh7 17.d4 Bxc4 18.Qxc4 Nh5 19.Be3 Qh3 20.Qf1 Qxf1 21.Rgxf1 cxd4 22.Rxd4 Rac8
23.Rb4 Bf6 24.Nd5 Rxc2 25.Nxf6+ Nxf6 26.Rxb7 d5 27.Bd4 dxe4 28.fxe4 Rc4 29.Bxf6 gxf6
30.Rxf6 Rxa4 31.Rfxf7+ Rxf7 32.Rxf7+ Kg6 33.Ra7 Rxe4 34.Rxa6+ Kg5 35.Ra1 Rb4
36.Rb1 Kf4 37.Kg1 h5  1/2-1/2

[Event "Cappelle op"]
[Site "Cappelle la Grande"]
[Date "1995.??.??"]
[Round "1"]
[White "Reinderman, Dimitri"]
[Black "Coleman, David"]
[Result "1-0"]
[WhiteElo "2440"]
[BlackElo "2240"]

1.e4 c5 2.Ne2 Nc6 3.Nbc3 Nf6 4.d4 cxd4 5.Nxd4 e5 6.Ndb5 d6 7.Bg5 a6 8.Na3 b5
9.Bxf6 gxf6 10.Nd5 Bg7 11.c3 Ne7 12.Nc2 Nxd5 13.Qxd5 Be6 14.Qc6+ Ke7 15.Nb4 Qc8
16.Qb6 Re8 17.Rd1 Qd7 18.Nxa6 Rxa6 19.Qxa6 Rb8 20.Be2 f5 21.exf5 Bxf5 22.O-O Be4
23.Rfe1 Bc6 24.Qa3 Bf6 25.Bf1 h5 26.Rd2 Ra8 27.Qb3 Rg8 28.Red1 Qg4 29.Rxd6 Qe4
30.Rxc6 Qxc6 31.Qb4+ Ke8 32.Bxb5  1-0

[Event "Cappelle op"]
[Site "Cappelle la Grande"]
[Date "1995.??.??"]
[Round "1"]
[White "Tseshkovsky, Vitaly"]
[Black "Kratochwil, Christian"]
[Result "1-0"]
[WhiteElo "2530"]
[BlackElo "2340"]

1.e4 c5 2.Nf3 Nc6 3.Nc3 g6 4.d4 cxd4 5.Nxd4 Bg7 6.Nb3 Nf6 7.Be2 O-O 8.O-O a5
9.a4 Nb4 10.Bf3 d6 11.Re1 Be6 12.Nd4 Bc4 13.b3 Ba6 14.Bb2 Rc8 15.Ncb5 Nd7
16.c4 Nc5 17.Bc3 Nc6 18.Rb1 Bxb5 19.axb5 Nxd4 20.Bxd4 Bxd4 21.Qxd4 e5 22.Qd2 Ne6
23.Bg4 f5 24.exf5 gxf5 25.Bf3 b6 26.Bd5 Qe7 27.Rbd1 Rf6 28.Qe3 Rc5 29.b4 axb4
30.Ra1 Kh8 31.Ra8+ Rf8 32.Rxf8+ Nxf8 33.Ra1 Kg7 34.Ra8 Ng6 35.Rg8+ Kf6 36.h4 Rxd5
37.cxd5 Kf7 38.Rc8 Qd7 39.Rc6 Ne7 40.Qh6 Nxc6 41.bxc6 Qe7 42.c7 Qe8 43.Qh5+  1-0

[Event "Cappelle op"]
[Site "Cappelle la Grande"]
[Date "1995.??.??"]
[Round "3"]
[White "Yakovich, Yuri"]
[Black "Britton, Richard"]
[Result "1-0"]
[WhiteElo "2555"]
[BlackElo "2320"]

1.e4 c5 2.Nc3 Nc6 3.Nge2 d6 4.d4 cxd4 5.Nxd4 e5 6.Nf3 Nf6 7.Bg5 Be7 8.Bc4 Be6
9.Bb3 O-O 10.Bxf6 Bxf6 11.Nd5 Bg5 12.O-O Bh6 13.c3 Kh8 14.Qe2 g6 15.Rad1 f5
16.Ne3 Bxb3 17.axb3 fxe4 18.Nd2 d5 19.Nxe4 d4 20.Nc4 Qd5 21.Rd3 Rad8 22.Rfd1 Rf4
23.Ncd2 Kg7 24.b4 b6 25.g3 Rf7 26.Nf3 Rdf8 27.b5 Qxb5 28.Nd6 Qd5 29.Nxf7 Rxf7
30.Re1 Kg8 31.Nxe5 Re7 32.cxd4 Nxd4 33.Qe4 Rxe5 34.Qxe5 Nf3+ 35.Rxf3 Qxf3
36.Qb8+ Bf8 37.Qxa7 Qb3 38.Qa1 Bc5 39.Re2 Kg7 40.Qc1 Qf3 41.Qc3+  1-0

[Event "Cappelle op"]
[Site "Cappelle la Grande"]
[Date "1995.??.??"]
[Round "5"]
[White "Yakovich, Yuri"]
[Black "Tompa, Janos"]
[Result "1/2-1/2"]
[WhiteElo "2555"]
[BlackElo "2450"]

1.e4 c5 2.Nc3 Nc6 3.Nge2 d6 4.d4 cxd4 5.Nxd4 e6 6.Be3 a6 7.f4 Qb6 8.a3 Bd7
9.Qd2 Qc7 10.O-O-O Nf6 11.Be2 Nxd4 12.Qxd4 Bc6 13.Rhe1 Rc8 14.f5 Bxe4 15.fxe6 fxe6
16.Bh5+ Bg6 17.Bxg6+ hxg6 18.Bg5 Kf7 19.Rd2  1/2-1/2